000 00263nam a2200121Ia 4500
008 190216s9999||||xx |||||||||||||| ||und||
100 _aDharmapadam .av
245 0 _aDynamics
260 _bViswanathan S.
300 _a467
650 _aMathematics
942 _cBK
999 _c32083
_d32083